000 00851nam a2200253 a 4500
005 20250307063813.0
008 010521s20061999mx r 000 0 spa d
020 _a9682319552 (10 dígitos)
020 _a9789682319556 (13 dígitos)
035 _aUPN01000147929
049 _aCG
050 4 _aP302
_bR5.7 2006
100 1 _aRicoeur, Paul,
_d1913-2005
_929447
245 1 0 _aTeoría de la interpretación :
_bdiscurso y excedente de sentido /
_cPaul Ricoeur ; tr. Graciela Monges Nicolau.
250 _a6a ed.
260 _aMéxico :
_bSiglo XXI :
_bUniversidad Iberoamericana,
_c2006.
300 _a112 p.
440 0 _aLingüistica y teoría literaria
650 2 _aAnálisis del discurso
_9232
650 4 _aCrítica literaria
_911578
650 2 _aSignificado (psicología)
_914374
650 4 _aLenguaje y lenguas
_93837
905 _aLibro
999 _c120071
_d120071